000 00289nam a22001337a 4500
008 170228b xxu||||| |||| 00| 0 eng d
020 _a9780131781023
041 _aeng
080 _a618.2
100 _a2
101 _aINF
245 _aMEDICAL-SURGICAL NURSING
_cOSBORN
942 _2udc
_cBK
999 _c6380
_d6380